La gran convergencia : las tecnologías de la información y la nueva globalización /

Bibliographic Details
Main Author: Baldwin, Richard E. (Author)
Other Authors: Rabasco, María Esther (Translator)
Format: Electronic eBook
Language:Spanish
English
Published: Barcelona : Antoni Bosch editor, [2017]
Subjects:
Online Access:Digitalia Hispánica

MARC

LEADER 00000nam a2200000Ii 4500
001 DIGANBSCH0015
003 NyNyDIG
006 m o d
007 cr |||||||||||
008 240103s2017 sp a ob 001 0 spa d
035 |a (OCoLC)1417821097 
040 |a DGITA  |b eng  |e rda  |e pn  |c DGITA 
020 |a 9788494737619  |q eBook 
020 |a 9788494627125  |q eBook 
020 |z 9788494627118 
041 1 |a spa  |h eng 
050 1 4 |a HF1365 ebook 
082 0 4 |a 337  |2 23 
100 1 |a Baldwin, Richard E.,  |e author. 
240 1 0 |a Great convergence.  |l Spanish  |s (Rabasco) 
245 1 3 |a La gran convergencia :  |b las tecnologías de la información y la nueva globalización /  |c Richard Baldwin ; traducción de Esther Rabasco. 
246 3 0 |a Tecnologías de la información y la nueva globalización 
246 3 0 |a Migración, tecnología y la nueva globalización 
246 3 4 |a La gran convergencia :  |b migración, tecnología y la nueva globalización 
264 1 |a Barcelona :  |b Antoni Bosch editor,  |c [2017] 
300 |a 1 online resource :  |b illustrations. 
336 |a text  |b txt  |2 rdacontent 
337 |a computer  |b c  |2 rdamedia 
338 |a online resource  |b cr  |2 rdacarrier 
347 |a text file  |2 rdaft 
347 |b EPUB 
504 |a Includes bibliographical references and index. 
588 0 |a Online resource; title from ePub title page (Digitalia, viewed January 3, 2024) 
650 0 |a Globalization  |x Economic aspects. 
650 0 |a Globalization  |x Economic aspects. 
650 0 |a Economic geography. 
650 0 |a Technological innovations  |x Economic aspects. 
700 1 |a Rabasco, María Esther,  |e translator. 
700 1 |i Translation of:  |a Baldwin, Richard E.  |t Great convergence. 
791 2 |a Digitalia (Firm),  |e distributor. 
793 0 |g Digitalia eBook Collection:  |a Antoni Bosch Editor 
776 0 8 |i Print version:  |a Baldwin, Richard E.  |s Great convergence. Spanish (Rabasco).  |t Gran convergencia.  |d Barcelona : Antoni Bosch editor, [2017]  |z 9788494627118 
856 4 0 |3 Digitalia Hispánica  |u https://www.digitaliapublishing.com/a/84038/ 
910 |a Premium collection: 2024